| 000 | 00971nam a22002897a 4500 | ||
|---|---|---|---|
| 001 | 200426098 | ||
| 003 | TR-AnTOB | ||
| 005 | 20240828101555.0 | ||
| 008 | 170314s2016 xxu||||| |||| 00| 0 tur d | ||
| 020 | _a9786050501186 | ||
| 040 |
_aTR-AnTOB _beng _cTR-AnTOB _erda |
||
| 041 | _atur | ||
| 050 |
_aK3820 _b.D64 2016 |
||
| 090 |
_aK3820 _b.D64 2016 |
||
| 100 |
_aDoğan, Mustafa _9117021 |
||
| 245 |
_aMilletlerarası mal satımına ilişkin sözleşmeler hakkında Birleşmiş Milletler Antlaşması (CSIG) uyarınca hasarın intikali / _cMustafa Doğan. |
||
| 264 |
_aAnkara: _bYetkin Yayınevi; _c2016. |
||
| 300 |
_a348 pages. _c13 cm |
||
| 336 |
_2rdacontent _atext |
||
| 337 |
_2rdamedia _aunmediated |
||
| 338 |
_2rdacarrier _avolume |
||
| 504 | _aIncludes bibliographical references and appendex. | ||
| 650 | 0 |
_aSözleşmeler (Uluslararası Hukuk) _9115761 |
|
| 650 | 0 |
_aDış ticaret mevzuatı _929253 |
|
| 942 |
_2lcc _cBK |
||
| 999 |
_c200426098 _d44022 |
||